عرض عادي
عرض مارك
- التعليم الجامعي
مدخل مصطلح موضوعي
001 - رقم الضبط
- حقل الضبط: 12680
003 - معرف رقم الضبط
- حقل الضبط: OSt
005 - تاريخ ووقت أخر عملية
- حقل الضبط: 20120508135626.0
008 - عناصر بيانات ثابتة الطول
- حقل تحكم ثابت الطول: 120508|||a|||||| | ||| d
040 ## - مصدر الفهرسة
- هيئة الفهرسة الأصلية: OSt
- وكالة الكتابة: OSt
150 ## - مدخل-- مصطلح تاريخي
- عنصر مدخل المصطلح الموضوعي او الاسم الجغرافي: التعليم الجامعي
- تفريع عام: دراسة وتعليم
- تفريع عام: جوانب سلوكية وأخلاقية
670 ## - بيانات المصدر موجوده
- الاستشهاد بالمصدر: Work cat.: (OSt): أخلاقيات وآداب مهنة التدريس الجامعي /, 2012
